[Event "Stay Safe Play From Home 295"]
[Site "Emanuel Lasker Arena"]
[Date "2020.07.12"]
[Round "2"]
[White "W Nelles"]
[Black "Klasman"]
[Result "0-1"]
[WhiteElo "1084"]
[BlackElo "1373"]
[Annotator "NA"]
[PlyCount "36"]
[EventDate "2020.07.12"]
[EventType "swiss (blitz)"]

1. e4 {[%emt 0:00:03]} f5 {[%emt 0:00:01]} 2. exf5 {[%emt 0:00:01]} Nf6 {[%emt 0:00:01]} 3. Nc3 {[%emt 0:00:01]} d5 {[%emt 0:00:01]} 4. d3 {[%emt 0:00:01]} Bxf5 {[%emt 0:00:02]} 5. Bg5 {[%emt 0:00:01]} d4 {[%emt 0:00:05]} 6. Bxf6 {[%emt 0:00:01]} exf6 {[%emt 0:00:04]} 7. Nb5 {[%emt 0:00:02]} Bb4+ {[%emt 0:00:04]} 8. c3 {[%emt 0:00:02]} Qe7+ {[%emt 0:00:06]} 9. Qe2 {[%emt 0:00:04]} dxc3 {[%emt 0:00:04]} 10. Qxe7+ {[%emt 0:00:02]} Kxe7 {[%emt 0:00:05]} 11. Nxc7 {[%emt 0:00:02]} cxb2+ {[%emt 0:00:03]} 12. Ke2 {[%emt 0:00:03]} bxa1=Q {[%emt 0:00:01]} 13. Nd5+ {[%emt 0:00:01]} Kf7 {[%emt 0:00:04]} 14. Nxb4 {[%emt 0:00:01]} Qb2+ {[%emt 0:00:01]} 15. Kf3 {[%emt 0:00:02]} Qxb4 {[%emt 0:00:02]} 16. Ne2 {[%emt 0:00:01]} Re8 {[%emt 0:00:02]} 17. Nf4 {[%emt 0:00:02]} g5 {[%emt 0:00:04]} 18. Nd5 {[%emt 0:00:02]} Qg4# {[%emt 0:00:02] (Lag: Av=0.96s, max=4.8s)} 0-1

[Event "Stay Safe Play From Home 295"]
[Site "Emanuel Lasker Arena"]
[Date "2020.07.12"]
[Round "3"]
[White "Broken sword"]
[Black "Mepe_Nika"]
[Result "0-1"]
[WhiteElo "2522"]
[BlackElo "2366"]
[Annotator "TA"]
[PlyCount "166"]
[EventDate "2020.07.12"]
[EventType "swiss (blitz)"]

{[%evp 24,166,0,0,3,-22,6,-21,33,-36,-36,-31,-25,-26,-12,-39,-8,-32,-34,-35,-37,-56,-9,-6,-9,-79,-42,-47,-36,-38,-42,-49,-52,-132,-38,-32,-32,-49,-52,-135,-141,-133,-72,-186,-175,-170,-172,-447,-278,-261,-58,-60,-58,-147,-68,-415,45,41,41,-24,-11,-45,-52,-79,-37,-36,-40,-341,0,0,0,0,0,0,0,0,0,0,8,8,8,8,8,-89,8,-90,8,0,8,0,8,8,8,8,8,8,8,2,2,2,8,2,8,2,8,8,8,0,0,0,0,0,0,0,0,0,0,0,0,0,0,0,0,0,0,0,0,0,0,0,0,0,0,0,0,0,0,0,0,0,0,0,0,0,0]} 1. e4 e5 2. Nf3 Nc6 3. Bb5 Nf6 4. d3 d6 5. O-O g6 6. h3 Bg7 7. c3 O-O 8. Re1 a6 9. Ba4 b5 10. Bb3 Na5 11. Bc2 c5 12. Nbd2 Nc6 13. Nf1 d5 {C77: Ruy Lopez: 3...a6 4 Ba4 Nf6, unusual lines.} 14. Qe2 h6 15. Ng3 {[#]} Re8 $146 (15... Qe7 $11) ({Predecessor:} 15... d4 16. Nh2 Re8 17. Qf3 Be6 18. Ne2 Qe7 19. g4 Nh7 20. Qg3 Rad8 21. Bd2 dxc3 22. bxc3 {0-1 (31) Altun,A (1893)-Tereladze,S (2182) Cubuk 2017}) 16. Be3 (16. exd5 $14 Nxd5 17. Ne4) 16... d4 $15 17. cxd4 cxd4 18. Bd2 Be6 19. a3 Rc8 20. Rac1 Qb6 21. Qd1 a5 22. Bb3 a4 23. Bxe6 Rxe6 24. Qe2 (24. b3 $11 {keeps the balance.}) 24... Re7 25. Rc2 Rec7 26. Rec1 Nd7 27. Qd1 Bf8 28. Qe1 (28. Nh2 $15) 28... Nd8 (28... Nc5 $17 29. Qe2 Nb3) 29. Rxc7 Rxc7 30. Rxc7 Qxc7 31. Qc1 (31. Bb4 $1 $15) 31... Qxc1+ $17 32. Bxc1 Nc6 (32... Nc5 $142 33. Nxe5 Bg7) 33. Bd2 (33. Kf1 $17) 33... b4 34. axb4 Bxb4 (34... Nxb4 35. Bxb4 Bxb4 36. Kf1 $15) 35. Bc1 $2 (35. Be1 {was forced.}) 35... f6 36. Kf1 Kf7 $2 (36... Na5 $1 $19 {White must now prevent ...Nb3.} 37. Bd2 (37. Bxh6 $2 Nb3 $19) 37... Bxd2 38. Nxd2 Nc5) 37. Ke2 $15 Nc5 38. Bxh6 (38. Nf1 $15) 38... Nb3 (38... g5 $1 $17 {And now ...Bc3! would win.} 39. Nf5 Nb3) 39. h4 $2 {[%mdl 8192] [#]} ({Only move:} 39. Kd1 $1 $15) 39... a3 $2 (39... Bc3 $1 $19 {[%cal Rc3b2][%mdl 512]} 40. Kd1 (40. bxc3 $2 a3 $19) 40... Bxb2) 40. bxa3 $14 Bxa3 41. Nd2 (41. Bd2 $14) 41... Nc1+ $11 42. Kd1 {Threatens to win with Nc4.} (42. Kf1 $5 {[%cal Rd2c4]} Nxd3 43. Nc4 $15) 42... Nxd3 43. f3 Na5 44. Ke2 Nb2 45. Ngf1 $2 {[%mdl 8192]} (45. f4 $15) 45... Nbc4 $2 (45... d3+ $19 46. Kf2 g5 $1 {[%mdl 512]}) 46. Nxc4 Nxc4 {[%mdl 4096] Endgame KBN-KBN} 47. Nd2 Bc1 48. Nxc4 Bxh6 {KB-KN} 49. Kd3 Ke6 50. g4 f5 51. exf5+ gxf5 52. g5 Bf8 53. Nd2 {[#]} (53. f4 $11 exf4 54. Kxd4) 53... Be7 ({Black should try} 53... Kd5 $1 $17) 54. Ke2 {[#]} (54. Kc4 $1 $11 {was the only way to keep the balance.}) 54... Kf7 (54... Kd5 $1 $17) 55. Kd3 {The position is equal.} Kg6 56. f4 Bd6 57. fxe5 Bxe5 58. Nf3 Bg7 59. Nxd4 Kh5 60. Nf3 Kg4 61. Ke2 f4 62. Kf2 Bc3 63. Kg2 Bb4 64. g6 {White threatens g7 and mate.} Bf8 65. g7 Bxg7 66. Kf2 Bh6 67. Kg2 Bg7 68. Kf2 Bf6 (68... Ba1 {with more complications.} 69. Nh2+ Kxh4 70. Kf3 Kg5 71. Ng4 Bc3) 69. Kg2 $1 Bxh4 70. Nxh4 Kxh4 {KP-K} 71. Kf3 Kg5 72. Kf2 Kf5 (72... Kg4 $5) 73. Kf3 Ke5 74. Kf2 Ke4 75. Ke2 Kf5 76. Kf3 Kg5 77. Kf2 Kg4 78. Kg2 f3+ 79. Kf2 Kf4 80. Kf1 Ke3 (80... Kg3 $5 81. Kg1 $8 Kh4 $11) 81. Ke1 Ke4 {( -> ...Ke3)} 82. Kf2 Kf4 83. Kf1 Kg3 {[%mdl 32768] Accuracy: White = 58%, Black = 65%. . Sensor Board Error (Ke4/e5)?} (83... Ke3 $5 84. Ke1 $8 Kf4 $11) 0-1

[Event "Stay Safe Play From Home 295"]
[Site "Emanuel Lasker Arena"]
[Date "2020.07.12"]
[Round "3"]
[White "SoulofWolf"]
[Black "Patzeroglu"]
[Result "1-0"]
[WhiteElo "2227"]
[BlackElo "1817"]
[Annotator "TA"]
[PlyCount "113"]
[EventDate "2020.07.12"]
[EventType "swiss (blitz)"]

{[%evp 9,113,0,6,-26,-2,-182,-180,-174,-185,-207,-147,-175,-168,-166,-157,-308,-87,-73,-72,-69,-29,-43,-38,-45,25,28,114,117,103,110,114,116,117,112,118,89,77,83,127,-47,120,116,143,141,147,143,147,125,123,125,132,109,129,120,131,115,116,81,81,59,83,83,94,81,82,64,66,67,79,68,94,67,74,69,92,92,118,10,82,0,230,55,136,67,99,99,193,191,318,40,121,121,121,121,1412,1217,1508,173,1332,937,887,29,29,29,29,29]} 1. e4 c5 2. Nc3 Nf6 3. f4 d5 4. e5 Nfd7 5. Nf3 Nc6 6. Nxd5 {B02: Alekhine's Defence: Chase Variation and lines with early Nc3.} Ndxe5 $1 {[#]} 7. c4 $146 (7. fxe5 $11 Qxd5 8. Bb5) ({Predecessor:} 7. Nxe5 Nxe5 8. Bb5+ Bd7 9. Qe2 Nc6 10. c3 a6 11. Bd3 e6 12. Ne3 Qc7 13. O-O {0-1 (68) Trumpp,L (2071)-Fernandez Garcia,J (2353) Hessen 2014}) 7... Nxf3+ $19 8. Qxf3 {Black is clearly better.} Nd4 9. Qc3 Bf5 {Strongly threatening ...Nc2+.} 10. Bd3 e6 11. Bxf5 exd5 ({But not} 11... Nxf5 12. Ne3 $17) 12. Bg4 $2 (12. Qe3+ $17 {was necessary.} Be7 13. Bb1) 12... Bd6 $2 (12... Qh4+ $19 {has better winning chances.} 13. Qg3 Qxg3+ 14. hxg3 Nc2+ {[%mdl 64] Double Attack} 15. Kd1 Nxa1) 13. O-O $17 O-O 14. cxd5 f5 15. Bd1 b6 16. d3 Bc7 (16... Re8 $15) 17. Be3 $11 Kh8 (17... Qxd5 $11 18. Bxd4 Qxd4+ 19. Qxd4 cxd4) 18. Bxd4 $16 cxd4 19. Qxd4 Bd6 {Threatens to win with ...Bc5.} 20. Kh1 Bc5 21. Qe5 Qd7 22. Bb3 Rae8 23. Qc3 Qd6 24. Rae1 $2 (24. d4 $16 Bb4 25. Qd3) 24... Rxe1 $2 (24... Bb4 $15 {keeps the upper hand.} 25. Rxe8 Bxc3 26. Rxf8+ Qxf8 27. bxc3 g6) 25. Qxe1 Bb4 26. Qe6 g6 27. a3 Bc5 28. Qxd6 Bxd6 {[%mdl 4096] Endgame KRB-KRB} 29. g3 Rc8 30. Rf2 Kg7 31. Kg2 Kf7 32. Re2 Re8 33. Rxe8 (33. Rc2 {keeps more tension.} h6 34. Kf2 Bc5+ 35. Kf1 Bd6 36. Rc6) 33... Kxe8 {KB-KB} 34. Kf3 Ke7 35. d4 Bc7 36. Bc4 Kd6 37. b4 Bd8 38. Ke3 Bf6 39. Kd3 h6 40. Bb3 g5 41. fxg5 hxg5 42. Bc4 g4 43. Ke2 (43. Ba6 $16) 43... Bg5 (43... Bxd4 $11 {keeps the balance.} 44. Bd3 f4) 44. Kd3 ({Better is} 44. a4 $16) 44... f4 $2 (44... Bf6 $1 $11 {and Black is okay.}) 45. Bb3 $2 (45. b5 $1 $18) 45... f3 (45... fxg3 $14 46. hxg3 b5) 46. Bd1 (46. Bc4 $16) 46... Bc1 47. a4 Ba3 {[#]} (47... f2 $16 48. Ke2 Be3) 48. b5 $1 $18 Bb4 {[#]} (48... Kxd5 {keeps fighting.} 49. Bb3+ Kd6) 49. h3 $2 ({White has to play} 49. Ke4 $1 $18) 49... Be1 (49... f2 $14 50. Ke2 gxh3 51. Kxf2 Kxd5) 50. hxg4 $16 f2 51. Be2 f1=Q $4 {[%mdl 8192]} (51... Kxd5 $16 52. g5 Ke6) 52. Bxf1 $18 Bxg3 53. Ke2 $2 (53. Ke4 {Black must now prevent Kf5.} Bh4 54. Kf5) 53... Bf4 $2 (53... Kxd5 54. Ke3 Bh4 55. Bg2+ Ke6) 54. Kf3 Bg5 55. Be2 $2 ({White should play} 55. Ke4 $18 {Hoping for Kf5.} Bf6 56. Bg2) 55... Kxd5 $11 56. Bd3 Kxd4 57. Be4 {[%mdl 32768] Accuracy: White = 50%, Black = 38%. . Loss on time!?} 1-0

[Event "Stay Safe Play From Home 295"]
[Site "Emanuel Lasker Arena"]
[Date "2020.07.12"]
[Round "3"]
[White "Cirovicz"]
[Black "Bardellosport"]
[Result "0-1"]
[WhiteElo "1919"]
[BlackElo "1984"]
[PlyCount "70"]
[EventDate "2020.07.12"]
[EventType "swiss (blitz)"]

1. e4 {[%emt 0:00:06]} e6 {[%emt 0:00:01]} 2. d4 {[%emt 0:00:01]} d5 {[%emt 0:00:00]} 3. Nc3 {[%emt 0:00:00]} c6 {[%emt 0:00:00]} 4. e5 {[%emt 0:00:01]} f5 {[%emt 0:00:01]} 5. Bd3 {[%emt 0:00:01]} c5 {[%emt 0:00:01]} 6. g4 {[%emt 0:00:01]} cxd4 {[%emt 0:00:00]} 7. Nb5 {[%emt 0:00:01]} g6 {[%emt 0:00:01]} 8. gxf5 {[%emt 0:00:01]} exf5 {[%emt 0:00:01]} 9. Nd6+ {[%emt 0:00:01]} Bxd6 {[%emt 0:00:01]} 10. exd6 {[%emt 0:00:01]} Nf6 {[%emt 0:00:01]} 11. Qe2+ {[%emt 0:00:01]} Kf7 {[%emt 0:00:02]} 12. Bg5 {[%emt 0:00:02]} Re8 {[%emt 0:00:01]} 13. Bxf6 {[%emt 0:00:01]} Kxf6 {[%emt 0:00:01]} 14. Be4 {[%emt 0:00:03]} Rxe4 {[%emt 0:00:01]} 15. O-O-O {[%emt 0:00:02]} Rxe2 {[%emt 0:00:01]} 16. Nxe2 {[%emt 0:00:00]} Nc6 {[%emt 0:00:01]} 17. Nf4 {[%emt 0:00:02]} Qxd6 {[%emt 0:00:01]} 18. c3 {[%emt 0:00:01]} dxc3 {[%emt 0:00:01]} 19. Nxd5+ {[%emt 0:00:01]} Kg7 {[%emt 0:00:02]} 20. bxc3 {[%emt 0:00:01]} Be6 {[%emt 0:00:02]} 21. c4 {[%emt 0:00:01]} Qa3+ {[%emt 0:00:01]} 22. Kb1 {[%emt 0:00:02]} Bxd5 {[%emt 0:00:02]} 23. cxd5 {[%emt 0:00:02]} Nb4 {[%emt 0:00:01]} 24. Rd2 {[%emt 0:00:04]} Rc8 {[%emt 0:00:01]} 25. Re1 {[%emt 0:00:02]} Rd8 {[%emt 0:00:04]} 26. d6 {[%emt 0:00:01]} Qa6 {[%emt 0:00:02]} 27. d7 {[%emt 0:00:01]} Qc6 {[%emt 0:00:01]} 28. Re7+ {[%emt 0:00:03]} Kf6 {[%emt 0:00:01]} 29. Re1 {[%emt 0:00:03]} Nd5 {[%emt 0:00:01]} 30. Red1 {[%emt 0:00:01]} Nc3+ {[%emt 0:00:01]} 31. Kb2 {[%emt 0:00:02]} Nxd1+ {[%emt 0:00:00]} 32. Rxd1 {[%emt 0:00:00]} Rxd7 {[%emt 0:00:00]} 33. Rc1 {[%emt 0:00:01]} Rd2+ {[%emt 0:00:01]} 34. Kb1 {[%emt 0:00:01]} Qb5+ {[%emt 0:00:01]} 35. Ka1 {[%emt 0:00:02]} Qb2# {[%emt 0:00:01] (Lag: Av=0.61s, max=0.8s)} 0-1

[Event "Stay Safe Play From Home 295"]
[Site "Emanuel Lasker Arena"]
[Date "2020.07.12"]
[Round "3"]
[White "Mamba2001de"]
[Black "W Nelles"]
[Result "1-0"]
[WhiteElo "1469"]
[BlackElo "1078"]
[Annotator "NA"]
[PlyCount "53"]
[EventDate "2020.07.12"]
[EventType "swiss (blitz)"]

1. e4 {[%emt 0:00:01]} e5 {[%emt 0:00:01]} 2. Nf3 {[%emt 0:00:01]} Nc6 {[%emt 0:00:02]} 3. c3 {[%emt 0:00:01]} d6 {[%emt 0:00:01]} 4. d4 {[%emt 0:00:01]} Bg4 {[%emt 0:00:01]} 5. d5 {[%emt 0:00:01]} Bxf3 {[%emt 0:00:01]} 6. gxf3 {[%emt 0:00:01]} Nce7 {[%emt 0:00:01]} 7. Bd3 {[%emt 0:00:01]} c6 {[%emt 0:00:01]} 8. Be3 {[%emt 0:00:01]} b5 {[%emt 0:00:02]} 9. Nd2 {[%emt 0:00:01]} a6 {[%emt 0:00:04]} 10. Qe2 {[%emt 0:00:01]} Nf6 {[%emt 0:00:03]} 11. O-O {[%emt 0:00:01]} Qc8 {[%emt 0:00:02]} 12. f4 {[%emt 0:00:03]} exf4 {[%emt 0:00:02]} 13. Bxf4 {[%emt 0:00:01]} Ng6 {[%emt 0:00:03]} 14. Bg3 {[%emt 0:00:01]} Ng4 {[%emt 0:00:04]} 15. Qf3 {[%emt 0:00:02]} N6e5 {[%emt 0:00:02]} 16. Qe2 {[%emt 0:00:03]} Be7 {[%emt 0:00:05]} 17. Bxe5 {[%emt 0:00:02]} dxe5 {[%emt 0:00:02]} 18. Qf3 {[%emt 0:00:04]} O-O {[%emt 0:00:02]} 19. Be2 {[%emt 0:00:03]} Nxh2 {[%emt 0:00:01]} 20. Kxh2 {[%emt 0:00:03]} f5 {[%emt 0:00:03]} 21. Bd3 {[%emt 0:00:04]} fxe4 {[%emt 0:00:01]} 22. Qxe4 {[%emt 0:00:01]} g6 {[%emt 0:00:02]} 23. Nf3 {[%emt 0:00:03]} Rxf3 {[%emt 0:00:03]} 24. Qxf3 {[%emt 0:00:01]} Qd7 {[%emt 0:00:03]} 25. dxc6 {[%emt 0:00:03]} Qe6 {[%emt 0:00:02]} 26. Be4 {[%emt 0:00:02]} Rf8 {[%emt 0:00:02]} 27. Qg2 {[%emt 0:00:02] Zeit} 1-0

[Event "Stay Safe Play From Home 295"]
[Site "Emanuel Lasker Arena"]
[Date "2020.07.12"]
[Round "3"]
[White "Parth11"]
[Black "Justwatch"]
[Result "1-0"]
[WhiteElo "1384"]
[BlackElo "1635"]
[Annotator "NA"]
[PlyCount "53"]
[EventDate "2020.07.12"]
[EventType "swiss (blitz)"]

1. e4 {[%emt 0:00:01]} Nf6 {[%emt 0:00:00]} 2. f3 {[%emt 0:00:00]} e5 {[%emt 0:00:02]} 3. d3 {[%emt 0:00:00]} d6 {[%emt 0:00:00]} 4. Nc3 {[%emt 0:00:00]} Nc6 {[%emt 0:00:00]} 5. Be3 {[%emt 0:00:00]} a6 {[%emt 0:00:01]} 6. Nge2 {[%emt 0:00:00]} Be7 {[%emt 0:00:00]} 7. Ng3 {[%emt 0:00:00]} Be6 {[%emt 0:00:02]} 8. Be2 {[%emt 0:00:00]} h6 {[%emt 0:00:01]} 9. Qd2 {[%emt 0:00:01]} Nh7 {[%emt 0:00:00]} 10. O-O-O {[%emt 0:00:00]} Bg5 {[%emt 0:00:00]} 11. h3 {[%emt 0:00:00]} Bxe3 {[%emt 0:00:01]} 12. Qxe3 {[%emt 0:00:00]} Qg5 {[%emt 0:00:01]} 13. Qxg5 {[%emt 0:00:01]} Nxg5 {[%emt 0:00:00]} 14. h4 {[%emt 0:00:01]} Nh7 {[%emt 0:00:01]} 15. d4 {[%emt 0:00:01]} Nxd4 {[%emt 0:00:00]} 16. Bd3 {[%emt 0:00:02]} Bc4 {[%emt 0:00:02]} 17. Bxc4 {[%emt 0:00:02]} Nf6 {[%emt 0:00:01]} 18. Nd5 {[%emt 0:00:01]} Nxd5 {[%emt 0:00:02]} 19. Bxd5 {[%emt 0:00:00]} O-O {[%emt 0:00:00]} 20. c3 {[%emt 0:00:02]} Rab8 {[%emt 0:00:00]} 21. cxd4 {[%emt 0:00:01]} exd4 {[%emt 0:00:00]} 22. Rd3 {[%emt 0:00:02]} c6 {[%emt 0:00:00]} 23. Rxd4 {[%emt 0:00:00]} cxd5 {[%emt 0:00:01]} 24. Rxd5 {[%emt 0:00:00]} Rbc8+ {[%emt 0:00:03]} 25. Kb1 {[%emt 0:00:00]} Rc6 {[%emt 0:00:00]} 26. Rc1 {[%emt 0:00:01]} Rfc8 {[%emt 0:00:01]} 27. Rdd1 {[%emt 0:00:02] Justwatch terk eder (Lag: Av=0.70s, max=0.9s)} 1-0

[Event "Stay Safe Play From Home 295"]
[Site "Emanuel Lasker Arena"]
[Date "2020.07.12"]
[Round "3"]
[White "Klasman"]
[Black "Haxhi Baha"]
[Result "0-1"]
[WhiteElo "1378"]
[BlackElo "1976"]
[PlyCount "28"]
[EventDate "2020.07.12"]
[EventType "swiss (blitz)"]

1. f4 {[%emt 0:00:02]} e5 {[%emt 0:00:01]} 2. fxe5 {[%emt 0:00:01]} d6 {[%emt 0:00:00]} 3. Nf3 {[%emt 0:00:01]} Nc6 {[%emt 0:00:01]} 4. e4 {[%emt 0:00:01]} dxe5 {[%emt 0:00:01]} 5. Bc4 {[%emt 0:00:03]} Bc5 {[%emt 0:00:03]} 6. d4 {[%emt 0:00:06]} Bxd4 {[%emt 0:00:05]} 7. Bxf7+ {[%emt 0:00:12]} Kxf7 {[%emt 0:00:02]} 8. Ng5+ {[%emt 0:00:01]} Kg6 {[%emt 0:00:02]} 9. h4 {[%emt 0:00:07]} h5 {[%emt 0:00:07]} 10. Qf3 {[%emt 0:00:06]} Nf6 {[%emt 0:00:05]} 11. c3 {[%emt 0:00:07]} Bb6 {[%emt 0:00:03]} 12. Nd2 {[%emt 0:00:03]} Bg4 {[%emt 0:00:01]} 13. Qg3 {[%emt 0:00:06]} Rf8 {[%emt 0:00:07]} 14. Ndf3 {[%emt 0:00:03]} Qd3 {[%emt 0:00:05] Time (Lag: Av=0.94s, max=2.6s)} 0-1

[Event "Stay Safe Play From Home 295"]
[Site "Emanuel Lasker Arena"]
[Date "2020.07.12"]
[Round "4"]
[White "SoulofWolf"]
[Black "Parth11"]
[Result "1-0"]
[WhiteElo "2230"]
[BlackElo "1411"]
[Annotator "NA"]
[PlyCount "89"]
[EventDate "2020.07.12"]
[EventType "swiss (blitz)"]

1. d4 {[%emt 0:00:01]} e6 {[%emt 0:00:00]} 2. Nf3 {[%emt 0:00:00]} d5 {[%emt 0:00:00]} 3. c4 {[%emt 0:00:00]} Nf6 {[%emt 0:00:00]} 4. Nc3 {[%emt 0:00:00]} dxc4 {[%emt 0:00:02]} 5. a4 {[%emt 0:00:02]} c6 {[%emt 0:00:00]} 6. Bg5 {[%emt 0:00:00]} Nbd7 {[%emt 0:00:02]} 7. e3 {[%emt 0:00:01]} h6 {[%emt 0:00:01]} 8. Bh4 {[%emt 0:00:01]} Bd6 {[%emt 0:00:03]} 9. Bxc4 {[%emt 0:00:01]} g5 {[%emt 0:00:01]} 10. Bg3 {[%emt 0:00:01]} Bxg3 {[%emt 0:00:01]} 11. hxg3 {[%emt 0:00:00]} Nb6 {[%emt 0:00:01]} 12. Bb3 {[%emt 0:00:02]} Nbd5 {[%emt 0:00:01]} 13. Na2 {[%emt 0:00:02]} Bd7 {[%emt 0:00:01]} 14. Qd3 {[%emt 0:00:03]} b6 {[%emt 0:00:01]} 15. e4 {[%emt 0:00:01]} Ne7 {[%emt 0:00:03]} 16. Nxg5 {[%emt 0:00:01]} Qc7 {[%emt 0:00:03]} 17. Nh3 {[%emt 0:00:03]} O-O-O {[%emt 0:00:01]} 18. Nf4 {[%emt 0:00:00]} e5 {[%emt 0:00:02]} 19. Ne2 {[%emt 0:00:03]} exd4 {[%emt 0:00:02]} 20. Nxd4 {[%emt 0:00:00]} c5 {[%emt 0:00:04]} 21. Nb5 {[%emt 0:00:02]} Bxb5 {[%emt 0:00:01]} 22. Qxb5 {[%emt 0:00:01]} Nxe4 {[%emt 0:00:00]} 23. O-O {[%emt 0:00:08]} h5 {[%emt 0:00:02]} 24. Bxf7 {[%emt 0:00:02]} h4 {[%emt 0:00:01]} 25. Be6+ {[%emt 0:00:00]} Kb8 {[%emt 0:00:02]} 26. Qe2 {[%emt 0:00:05]} hxg3 {[%emt 0:00:12]} 27. Qxe4 {[%emt 0:00:03]} Rh1+ {[%emt 0:00:02]} 28. Kxh1 {[%emt 0:00:03]} Rh8+ {[%emt 0:00:01]} 29. Kg1 {[%emt 0:00:01]} gxf2+ {[%emt 0:00:01]} 30. Kxf2 {[%emt 0:00:01]} Rf8+ {[%emt 0:00:02]} 31. Ke2 {[%emt 0:00:02]} Rxf1 {[%emt 0:00:01]} 32. Kxf1 {[%emt 0:00:01]} a6 {[%emt 0:00:00]} 33. Re1 {[%emt 0:00:01]} Nc6 {[%emt 0:00:02]} 34. Bd5 {[%emt 0:00:01]} Kb7 {[%emt 0:00:00]} 35. Bxc6+ {[%emt 0:00:01]} Qxc6 {[%emt 0:00:00]} 36. Qxc6+ {[%emt 0:00:00]} Kxc6 {[%emt 0:00:00]} 37. g4 {[%emt 0:00:00]} Kd6 {[%emt 0:00:00]} 38. g5 {[%emt 0:00:01]} Kd7 {[%emt 0:00:00]} 39. g6 {[%emt 0:00:00]} Kd6 {[%emt 0:00:00]} 40. g7 {[%emt 0:00:00]} Kd5 {[%emt 0:00:00]} 41. g8=Q+ {[%emt 0:00:00]} Kd4 {[%emt 0:00:01]} 42. Qe6 {[%emt 0:00:01]} Kd3 {[%emt 0:00:00]} 43. Re3+ {[%emt 0:00:01]} Kd2 {[%emt 0:00:01]} 44. Qe4 {[%emt 0:00:00]} c4 {[%emt 0:00:02]} 45. Re2+ {[%emt 0:00:01] Time (Lag: Av=0.74s, max=1.0s)} 1-0

[Event "Stay Safe Play From Home 295"]
[Site "Emanuel Lasker Arena"]
[Date "2020.07.12"]
[Round "4"]
[White "Bardellosport"]
[Black "Mepe_Nika"]
[Result "0-1"]
[WhiteElo "1998"]
[BlackElo "2390"]
[Annotator "TA"]
[PlyCount "146"]
[EventDate "2020.07.12"]
[EventType "swiss (blitz)"]

{[%evp 9,145,-8,-2,-36,-33,-50,-45,-45,-43,-58,-10,-9,0,-23,-18,-58,-21,-21,-12,-11,-10,-22,-10,-12,-16,-18,-24,-44,-43,-65,-13,-18,-10,-25,-10,-57,-44,-56,0,0,0,-22,0,-3,0,-50,-35,-134,0,0,0,-160,-165,-293,-51,-53,-54,-54,-53,-72,0,0,-2,-2,0,-2,-2,-101,0,0,0,0,0,-106,-106,-2134,-1202,-29987,-29988,-29980,-29981,-29980,-29981,-29981,-29973,-29973,0,-29977,-29974,-29974,-29973,-29973,-29975,-29986,-29987,-29987,-29988,-29991,-29976,-29976,-29976,-29977,-29976,-29984,-29985,-29985,-29986,-29989,-29990,-29990,-29991,-29994,-29992,-29994,-29992,-29992,-29993,-29997,-29997,-29997,-29997,-29997,-29996,-29996,-29996,-29997,-29997,-29997,-29997,-29998,-29997,-29998,-29998,-29998,-29998,-29998,-29999,-29999]} 1. d4 d5 2. e3 c6 3. f4 Bf5 4. Nf3 Nf6 5. Bd3 e6 6. Bxf5 {D00: 1 d4 d5: Unusual lines.} exf5 {[#]} 7. Ne5 $146 ({Predecessor:} 7. O-O Ne4 8. Nbd2 g6 9. Nxe4 fxe4 10. Ne5 Bg7 11. Qe2 Nd7 12. c4 Nf6 13. cxd5 cxd5 14. Qb5+ Kf8 15. Qxb7 Kg8 16. Qxf7# {1-0 (16) Hausmann,U (1551)-Klemens,P (1746) Playchess.com INT 2020}) 7... Ne4 8. O-O {Black is slightly better.} Nd7 9. Nd2 Bd6 (9... Ndf6 {with more complications.} 10. Qe2 Be7 11. Nxe4 Nxe4 12. b3 O-O) 10. Nxe4 fxe4 11. Nxd7 (11. c4 {seems wilder.} dxc4 12. Qg4 g6 13. Nxc4 Nf6 14. Qh4) 11... Qxd7 12. c4 O-O 13. Qe2 f5 14. b3 Qe6 15. Rf2 a6 16. c5 Bc7 17. Bb2 Kh8 18. b4 Rg8 19. Kh1 h6 (19... Qh6 $15) 20. Rg1 Kh7 21. g4 g6 22. h4 fxg4 23. Qxg4 Rae8 ({Black should try} 23... Qxg4 $15 24. Rxg4 a5) 24. Qxe6 $11 Rxe6 25. Rfg2 Rf6 26. a4 Rf5 27. Kh2 Bd8 28. Rg4 (28. Kh3 $1 $15) 28... Rh5 (28... h5 $1 $17 {[%cal Rh5g4]} 29. R4g2 Bxh4) 29. Kh3 g5 {Hoping for ...gxf4!} 30. fxg5 $2 (30. Bc3 $1 $11) 30... hxg5 $17 31. Bc1 (31. Bc3 $142) 31... Rxh4+ $2 (31... Rf8 $19 {[%cal Rh5h4]} 32. Kg2 Rxh4) 32. Rxh4+ $15 gxh4 33. Rxg8 Kxg8 $19 {[%mdl 4096] Endgame KB-KB} 34. Bd2 Kf7 (34... a5 $17) 35. Be1 $1 $11 Bg5 36. Bf2 $1 Kg6 37. Kg4 Kh6 38. a5 {[#]} (38. Kh3 $11 {keeps the balance.}) 38... Kg6 ({Black should play} 38... h3 $1 $17 {[%cal Rh3h2][%mdl 512] ( -> ...h2)} 39. Kxh3 Kh5) 39. Bg1 {[#]} h3 $1 {[%mdl 512]} 40. Kxh3 Kh5 41. Kg3 (41. Bf2 $11) 41... Bh4+ $17 {White is now going downhill.} 42. Kh3 $2 {[%mdl 8192]} (42. Kg2 $17) 42... Be1 $19 43. b5 axb5 44. Kg2 Bxa5 45. Kf1 Kg4 46. Ke2 Bb4 47. Bh2 Ba5 $2 (47... Bc3 {mates} 48. Bc7 b4 49. Ba5 Kg3 50. Bd8 b3 51. Kd1 Kf3 52. Bg5 b2 53. Kc2 {[#]} Bd2 $1 {[%mdl 512]} 54. Kxb2 Bxe3 55. Bxe3 Kxe3 56. Kc3 Kf3 57. Kb4 e3 58. Ka5 e2 59. Kb6 e1=Q 60. Kc7 Qe8 61. Kb6 Qb8 62. Ka5 Qa7+ 63. Kb4 Qa2 64. Kc3 Ke2 65. Kb4 Kd1 66. Kc3 Qa3#) 48. Bd6 $2 {[%mdl 8192]} (48. Bg1 $11 b4 49. Bh2) 48... Kh3 {Black mates.} 49. Bf4 Kg2 50. Bb8 b4 51. Ba7 b3 52. Kd1 Kf3 53. Bb6 Kxe3 54. Bxa5 Kxd4 {KB-KP} 55. Kd2 Kc4 56. Bb6 d4 57. Ba5 e3+ 58. Ke2 b2 59. Kf3 b1=Q 60. Be1 e2 61. Bg3 Qd1 62. Ke4 e1=Q+ 63. Kf5 Qxg3 64. Ke6 Qgg4+ 65. Ke7 Qg5+ 66. Kd7 Qxc5 67. Kc7 Qd5 68. Kb8 Qe5+ 69. Ka7 Qg7 70. Kb8 b5 {[%cal Bb7b5,Bb5b4][%mdl 32]} 71. Kc8 b4 72. Kb8 Qf1 {[%cal Rf1f8]} 73. Kc8 Qff8# {Accuracy: White = 66%, Black = 78%.} 0-1